000 00571nam a2200181Ia 4500
005 20250508153810.0
008 008 250505s9999 xx 000 0 eng d
037 _aTextual
040 _aFEDL
_beng
_cFEDL
041 _aeng
_2eng
084 _a378.996058, YEA
_qFEDL
100 _aDent H C Ed.
_9763756
245 0 _aYear book of technical education and careers in industry 1961. Fifth annual issue
260 _aLondon, UK
_bAdam and Charles Black
_c1961
300 _axlii,1169p.
942 _cTEXL
_h378.996058, YEA
999 _c1345564
_d1345564